| 000 | 00365cam a2200145ua 4500 | ||
|---|---|---|---|
| 041 |
_aeng _h |
||
| 082 |
_a320.58 _bGAN/WO |
||
| 100 | _aGandhi, M K. | ||
| 245 |
_aWomens role in society / _cGandhi. m.K. _hTextual Documents |
||
| 260 |
_aAhmadabad : _bNavajivan publishing house , _c1959. |
||
| 300 | _a35 ; . | ||
| 504 | _a | ||
| 942 | _cBK | ||
| 999 |
_c12340 _d12340 |
||